Vieilles chansons pour les petits enfants : (Record no. 271963)
[ view plain ]
| 000 -LEADER | |
|---|---|
| fixed length control field | 01396cam a22002773a 4500 |
| 001 - CONTROL NUMBER | |
| control field | 42711 |
| 003 - CONTROL NUMBER IDENTIFIER | |
| control field | PGUSA |
| 005 - DATE AND TIME OF LATEST TRANSACTION | |
| control field | 20140828083952.0 |
| 008 - FIXED-LENGTH DATA ELEMENTS--GENERAL INFORMATION | |
| fixed length control field | 130513s2013||||xxu|||||s|||||000 | eng d |
| 040 ## - CATALOGING SOURCE | |
| Original cataloging agency | PGUSA |
| Language of cataloging | eng |
| 042 ## - AUTHENTICATION CODE | |
| Authentication code | dc |
| 050 #4 - LIBRARY OF CONGRESS CALL NUMBER | |
| Classification number | M |
| 245 10 - TITLE STATEMENT | |
| Title | Vieilles chansons pour les petits enfants : |
| Remainder of title | avec accompagnements de Ch. M. Widor |
| Medium | [electronic resource] |
| 260 ## - PUBLICATION, DISTRIBUTION, ETC. (IMPRINT) | |
| Name of publisher, distributor, etc | Project Gutenberg, |
| Date of publication, distribution, etc | 2013 |
| 505 0# - FORMATTED CONTENTS NOTE | |
| Formatted contents note | Au clair de la lune -- J'ai du bon tabac -- La polichinelle -- La mist' en laire -- Ragotin -- La boulangère -- Le pont d'Avignon -- La queue leu leu -- Le furet du bois joli -- Frère Jacques -- Ramène tes moutons -- La tour, prends garde -- As-tu vu la casquette? -- Nous n'irons plus au bois -- Giroflé, Girofla -- Papa, les p'tits bateaux -- La Monaco -- Le chevalier du guet -- Ah! mon beau chateau -- Coucou -- Fais dodo, Colas -- Ah! vous dirai-je, maman -- La bonne aventure -- Le petit chasseur -- Savez-vous planter les choux? -- La mère Michel -- Galop -- Polka. |
| 506 ## - RESTRICTIONS ON ACCESS NOTE | |
| Terms governing access | Public domain in the USA. |
| 516 ## - TYPE OF COMPUTER FILE OR DATA NOTE | |
| Type of computer file or data note | Electronic text |
| 653 ## - INDEX TERM--UNCONTROLLED | |
| Uncontrolled term | Children's songs, French |
| 653 ## - INDEX TERM--UNCONTROLLED | |
| Uncontrolled term | Singing games |
| 653 ## - INDEX TERM--UNCONTROLLED | |
| Uncontrolled term | Songs with piano |
| 700 1# - ADDED ENTRY--PERSONAL NAME | |
| Personal name | Boutet de Monvel, Louis-Maurice, |
| Dates associated with a name | 1851-1913 |
| 700 1# - ADDED ENTRY--PERSONAL NAME | |
| Personal name | Widor, Charles-Marie, |
| Dates associated with a name | 1844-1937 |
| 830 #0 - SERIES ADDED ENTRY--UNIFORM TITLE | |
| Uniform title | Project Gutenberg |
| Volume number/sequential designation | 42711 |
| 856 40 - ELECTRONIC LOCATION AND ACCESS | |
| Uniform Resource Identifier | <a href="http://www.gutenberg.org/ebooks/42711">http://www.gutenberg.org/ebooks/42711</a> |
| 942 ## - ADDED ENTRY ELEMENTS (KOHA) | |
| Koha item type | eBooks |
| Withdrawn status | Lost status | Damaged status | Home library | Current library | Date acquired | Total Checkouts | Date last seen | Price effective from | Koha item type |
|---|---|---|---|---|---|---|---|---|---|
| Project Gutenberg | Project Gutenberg | 08/28/2014 | 08/28/2014 | 08/28/2014 | eBooks |